| 000 | 00646nam a2200217Ia 4500 | ||
|---|---|---|---|
| 008 | 160517s9999 xx 000 0 und d | ||
| 050 | _aHF 5549.9 | ||
| 050 | _b.Sa235 2015 | ||
| 100 | _aSantiaguel, Benjamin Reyes III. | ||
| 245 | _aJob satisfaction and performance of bus drivers of tas trans corporation / | ||
| 245 | _cBenjamin Reyes Santiaguel III. | ||
| 260 | _aLas PiƱas, Philippines : | ||
| 260 | _bSISC, | ||
| 260 | _c2015. | ||
| 300 | _a72 pages : | ||
| 300 | _billustrations ; | ||
| 300 | _c28 cm. | ||
| 500 | _aIncludes bibliographical references and appendices. | ||
| 521 | _aBusiness Administration | ||
| 942 | _cTH | ||
| 999 |
_c293985 _d293985 |
||